MARC details
| 000 -CABECERA |
| campo de control de longitud fija |
02291nam a2200265 a 4500 |
| 001 - NÚMERO DE CONTROL |
| campo de control |
000037813 |
| 003 - IDENTIFICADOR DEL NÚMERO DE CONTROL |
| campo de control |
DO-SdBNP |
| 005 - FECHA Y HORA DE LA ÚLTIMA TRANSACCIÓN |
| campo de control |
20250207141251.0 |
| 007 - CAMPO FIJO DE DESCRIPCIÓN FÍSICA--INFORMACIÓN GENERAL |
| campo de control de longitud fija |
ta |
| 008 - DATOS DE LONGITUD FIJA--INFORMACIÓN GENERAL |
| campo de control de longitud fija |
130306s2012 dr a 000 0 spa d |
| 040 ## - FUENTE DE LA CATALOGACIÓN |
| Centro catalogador/agencia de origen |
DO-SdBNP |
| Lengua de catalogación |
spa |
| Centro/agencia transcriptor |
BNPHU |
| Normas de descripción |
rda |
| 082 #4 - NÚMERO DE LA CLASIFICACIÓN DECIMAL DEWEY |
| Número de clasificación |
xxx |
| Número de documento/Ítem |
xxx |
| Número de edición |
22 |
| 245 00 - MENCIÓN DE TÍTULO |
| Título |
Evaluación quinquenal de la calidad de las instituciones de educación superior : |
| Resto del título |
directrices, matrices e instrumentos para la autoevaluación institucional / |
| Mención de responsabilidad, etc. |
Ligia Amada Melo de Cardona. |
| 264 ## - PRODUCCIÓN, PUBLICACIÓN, DISTRIBUCIÓN, FABRICACIÓN Y COPYRIGHT |
| Producción, publicación, distribución, fabricación y copyright |
Santo Domingo : |
| Nombre del de productor, editor, distribuidor, fabricante |
Ministerio de Educación Superior, Ciencia y Tecnogía, |
| Fecha de producción, publicación, distribución, fabricación o copyright |
2012. |
| 300 ## - DESCRIPCIÓN FÍSICA |
| Extensión |
volumenes : |
| Otras características físicas |
ilustraciones ; |
| Dimensiones |
28 cm. |
| 336 ## - TIPO DE CONTENIDO |
| Término de tipo de contenido |
texto |
| Código de tipo de contenido |
txt |
| Fuente |
rdacontent |
| 337 ## - TIPO DE MEDIO |
| Nombre/término del tipo de medio |
sin mediación |
| Código del tipo de medio |
n |
| Fuente |
rdamedia |
| 338 ## - TIPO DE SOPORTE |
| Nombre/término del tipo de soporte |
volumen |
| Código del tipo de soporte |
nc |
| Fuente |
rdacarrier |
| 500 ## - NOTA GENERAL |
| Nota general |
La biblioteca posee el v. 1-2 |
| 505 0# - NOTA DE CONTENIDO CON FORMATO |
| Nota de contenido con formato |
Aspectos legales de la evaluación quinquenal de la calidad de las instituciones 5 Fundamentos de la estructuración de evaluación institucional -- |
| Título |
Estructura y fases de la evaluación quinquenal de la calidad de las instituciones de educación superior -- |
| -- |
Utilización de las matrices e instrumentos de autoevaluación -- |
| -- |
Matrices para la autoevaluación de las instituciones de educación superior -- |
| -- |
Filosofía de las instituciones -- |
| -- |
Organización administrativa y académica -- |
| -- |
Oferta académica -- |
| -- |
Organización de la oferta académica -- |
| -- |
Investigación y extensión -- |
| -- |
Recursos humanos -- |
| -- |
Infraestructura y recursos financieros -- |
| -- |
Admisión y registro -- |
| -- |
Servicios estudiantiles -- |
| -- |
Evaluación de los aprendizajes -- |
| -- |
Resultados del programa formativo -- |
| -- |
Recursos para la docencia y la investigación -- |
| -- |
Definiciones de informantes claves y equivalentes -- |
| -- |
Glosario -- |
| -- |
Referencias -- |
| -- |
Infraestructura y recursos financieros -- |
| -- |
Admisión y registro -- |
| -- |
Servicios estudiantiles -- |
| -- |
Evaluación de los aprendizajes -- |
| -- |
Resultados del programa formativo -- |
| -- |
Recursos para la docencia y la investigación -- |
| -- |
Definiciones de informantes claves y equivalentes -- |
| -- |
Glosario -- |
| -- |
Referencias. |
| 590 ## - NOTA LOCAL (RLIN) |
| Nota local |
Inventariado, 2022/BT |
| 700 1# - PUNTO DE ACCESO ADICIONAL--NOMBRE DE PERSONA |
| Nombre de persona |
Melo de Cardona, Ligia Amada |
| 9 (RLIN) |
27174 |
| 710 ## - PUNTO DE ACCESO ADICIONAL--NOMBRE DE ENTIDAD CORPORATIVA |
| Nombre de entidad corporativa o nombre de jurisdicción como elemento de entrada |
Ministerio de Educación Superior,Ciencia y Tecnogía (República Dominicana) |
| 9 (RLIN) |
64263 |
| Unidad subordinada |
Ministerio de Educación Superior, Ciencia y Tecnogía. |
| 942 ## - ELEMENTOS DE PUNTO DE ACCESO ADICIONAL (KOHA) |
| Fuente del sistema de clasificación o colocación |
Dewey Decimal Classification |
| Tipo de ítem Koha |
Libro |